000 00478nam a2200181Ia 4500
005 20250326141023.0
008 250326s9999 xx 000 0 und d
037 _aTextbook
040 _aFMSL
_beng
_cFMSL
041 _aeng
_2eng
084 _aX3:74 N9
_qFMSL
100 _aSinha K K
245 0 _aBusiness communication
_cSinha K K
260 _aNew Delhi
_bNew Delhi, Galgotia
_c1999
300 _a606p
942 _cTB
_hX3:74 N9
999 _c1288328
_d1288328